Serunai Malam
| Main Author: | |
|---|---|
| Format: | Book |
| Published: |
Kuala Lumpur :
DBP ,
1992
|
| Series: | Novel remaja
|
| Subjects: |
MARC
| LEADER | 00000cam a2200000 7i4500 | ||
|---|---|---|---|
| 001 | 0000007399 | ||
| 002 | 000007957 | ||
| 005 | 20020109.0 | ||
| 020 | |a 9836227733 | ||
| 090 | 0 | 0 | |a F |b HAS |
| 100 | 0 | |a Hashim Latiff | |
| 245 | 1 | 0 | |a Serunai Malam |c Hashim Latiff |
| 260 | |a Kuala Lumpur : |b DBP , |c 1992 | ||
| 300 | |a 102p. ; |c 18cm. | ||
| 490 | 0 | |a Novel remaja | |
| 650 | 0 | 0 | |a General fiction, Malay |
| 999 | |a 039570 |b BUKU |c PINJAMAN |e PERPUSTAKAAN KOMUNITI PETALING JAYA | ||
| 999 | |a 055207 |b BUKU |c PINJAMAN |e PERPUSTAKAAN KOMUNITI CAW KOTA DAMANSARA | ||